Biology. / (Record no. 7974)
[ view plain ]
| 000 -LEADER | |
|---|---|
| fixed length control field | 02627nam a22002177a 4500 |
| 003 - CONTROL NUMBER IDENTIFIER | |
| control field | OSt |
| 005 - DATE AND TIME OF LATEST TRANSACTION | |
| control field | 20211115112041.0 |
| 008 - FIXED-LENGTH DATA ELEMENTS--GENERAL INFORMATION | |
| fixed length control field | 120828t xxu||||| |||| 00| 0 eng d |
| 020 ## - INTERNATIONAL STANDARD BOOK NUMBER | |
| International Standard Book Number | 9780073532219 |
| 020 ## - INTERNATIONAL STANDARD BOOK NUMBER | |
| International Standard Book Number | 0073532215 |
| 040 ## - CATALOGING SOURCE | |
| Transcribing agency | LC |
| 050 ## - LIBRARY OF CONGRESS CALL NUMBER | |
| Classification number | QH308.2.S78 |
| 245 ## - TITLE STATEMENT | |
| Title | Biology. / |
| Statement of responsibility, etc. | Robert J. Brooker ....[et al.]. |
| 250 ## - EDITION STATEMENT | |
| Edition statement | 2nd ed. |
| 260 ## - PUBLICATION, DISTRIBUTION, ETC. | |
| Place of publication, distribution, etc. | New York: |
| Name of publisher, distributor, etc. | McGraw-Hill, |
| Date of publication, distribution, etc. | 2008. |
| 300 ## - PHYSICAL DESCRIPTION | |
| Extent | xxx, 1282 p. + [various pagings]: |
| Other physical details | ill.; |
| 505 ## - FORMATTED CONTENTS NOTE | |
| Formatted contents note | Contents: An introduction biology -- The chemical basis of life: atoms, molecules, and water -- The chemical basis of life: organic molecules -- General features of cells -- Membrane structure, synthesis, and transport -- An introduction to energy, enzymes, and metabolism -- Cellular respiration, fermentation, and secondary metabolism -- Photosynthesis -- Cell communication -- Multicellularity -- Nucleic acid structure, DNA replication, and chromosome structure -- Gene expression at the molecular level -- Gene regulation -- Mutation, DNA repair, and cancer -- The eukaryotic cell cycle, mitosis, and meiosis -- Simple Patterns of inheritance -- Complex patterns of inheritance -- Genetics of viruses and bacteria -- Developmental genetics -- Genetic technology -- Genomes, proteomes, and bioinformatics -- The origin and history of life -- An introduction to evolution -- Population genetics -- origin of species and macroevolution -- Taxonomy and systematics -- Bacteria and archaea -- Protists -- Plants and conquest of land -- The evolution and diversity of modern gymnosperms and angiosperms -- Fungi -- An introduction to animal diversity -- The invertebrates -- The vertebrates -- An introduction to flowering plant form and function -- Flowering plants: behavior -- Flowering plants: nutrition -- Flowering plant: transport -- Flowering plants: reproduction -- Animal bodies and homeostasis -- Neuroscience: cell of the nervous system -- Neuroscience: evolution and function of the brain and nervous systems -- Neuroscience: sensory systems -- Muscular-skeletal systems and locomotion -- Nutrition, digestion, and absorption -- Control of energy balance, metabolic rate, and body temperature -- Circulatory systems -- Respiratory systems -- Excretory systems and salt and water balance -- Endocrine systems -- Animal reproduction -- Animal development -- Immune systems -- An introduction to ecology and biomes -- Behavioral ecology -- population Ecology -- Species interactions -- community ecology -- Ecosystems ecology -- Biodiversity and conservation biology -- |
| 650 ## - SUBJECT ADDED ENTRY--TOPICAL TERM | |
| Topical term following geographic name entry element | Biology. |
| 700 ## - ADDED ENTRY--PERSONAL NAME | |
| Fuller form of name | Brooker, Robert J. |
| 942 ## - ADDED ENTRY ELEMENTS (KOHA) | |
| Source of classification or shelving scheme | Library of Congress Classification |
| Koha item type | Books |
| Withdrawn status | Lost status | Source of classification or shelving scheme | Damaged status | Not for loan | Home library | Current library | Shelving location | Date acquired | Total Checkouts | Full call number | Barcode | Date last seen | Price effective from | Koha item type |
|---|---|---|---|---|---|---|---|---|---|---|---|---|---|---|
| Library of Congress Classification | WISCONSIN INTERNATIONAL UNIVERSITY COLLEGE, GHANA KUMASI LIBRARY | WISCONSIN INTERNATIONAL UNIVERSITY COLLEGE, GHANA KUMASI LIBRARY | nursing | 09/08/2019 | QH308.2.B56(2e) | KSN/466/19 | 12/11/2021 | 12/11/2021 | Books |
